<?xml version='1.0' encoding='UTF-8'?>
  <record xmlns="http://www.loc.gov/MARC21/slim">
    <leader>00000cam a22000007i 4500</leader>
    <controlfield tag="001">ocm43130916</controlfield>
    <controlfield tag="003">OCoLC</controlfield>
    <controlfield tag="005">20250528191030.4</controlfield>
    <controlfield tag="008">970702s1544    fr            000 0 grc d</controlfield>
    <datafield tag="040" ind1=" " ind2=" ">
      <subfield code="a">EQO</subfield>
      <subfield code="b">eng</subfield>
      <subfield code="e">rda</subfield>
      <subfield code="e">dcrmr</subfield>
      <subfield code="c">EQO</subfield>
      <subfield code="d">OCL</subfield>
      <subfield code="d">OCLCQ</subfield>
      <subfield code="d">OCLCG</subfield>
      <subfield code="d">OCLCQ</subfield>
      <subfield code="d">OCLCA</subfield>
      <subfield code="d">OCLCF</subfield>
      <subfield code="d">OCLCQ</subfield>
      <subfield code="d">OCLCO</subfield>
      <subfield code="d">OCL</subfield>
      <subfield code="d">OCLCA</subfield>
      <subfield code="d">ORU</subfield>
      <subfield code="d">OCLCO</subfield>
      <subfield code="d">QGJ</subfield>
      <subfield code="d">OCLCQ</subfield>
      <subfield code="d">OCLCO</subfield>
      <subfield code="d">OCLCL</subfield>
    </datafield>
    <datafield tag="035" ind1=" " ind2=" ">
      <subfield code="a">(OCoLC)43130916</subfield>
    </datafield>
    <datafield tag="050" ind1=" " ind2="4">
      <subfield code="a">BR160.A1</subfield>
      <subfield code="b">E44 1544</subfield>
    </datafield>
    <datafield tag="082" ind1="1" ind2="4">
      <subfield code="a">270.1</subfield>
      <subfield code="q">OCoLC</subfield>
      <subfield code="1">https://id.oclc.org/worldcat/ddc/E3JjQwXfGYTPRbwYv8bVkRGvmM</subfield>
    </datafield>
    <datafield tag="100" ind1="0" ind2=" ">
      <subfield code="a">Eusebius,</subfield>
      <subfield code="c">of Caesarea, Bishop of Caesarea,</subfield>
      <subfield code="d">approximately 260-approximately 340,</subfield>
      <subfield code="e">author.</subfield>
      <subfield code="4">aut</subfield>
      <subfield code="1">https://id.oclc.org/worldcat/entity/E39PCjM4jDWbcWggHWPrgTCh9C</subfield>
    </datafield>
    <datafield tag="240" ind1="1" ind2="0">
      <subfield code="a">Ecclesiatical history</subfield>
    </datafield>
    <datafield tag="245" ind1="0" ind2="0">
      <subfield code="a">Ekklēsiastikēs historias :</subfield>
      <subfield code="b">Eusebiou tou Pamphilou, episkopou kaisareias tēs palaistinēs biblia i, tou autou eis ton bion tou makariou Kōnstantinou basileōs logoi e, Sōkratis Scholastikou biblia z, Theodōritou episkopou Kyrou biblia e, eklogōn apo tēs ekklēsiastikēs historias Theodōrou biblia b, Hermeiou Sōzomenou Salameniou biblia th, Euagriou Scholastikou ekklēsiastikēs historias biblia ś = Ecclesiasticae historiae : Eusebii Pamphili lib. X, eiusdem de vita Constantini lib. V, Socratis lib. VII, Theodoriti episcopi Cyrensis lib. V, collectaneorum ex historia eccles. Theodori Lectoris lib. II, Hermii Sozomeni lib. IX, Euagrii lib. VI.</subfield>
    </datafield>
    <datafield tag="246" ind1="3" ind2="1">
      <subfield code="a">Ecclesiasticae historiae</subfield>
    </datafield>
    <datafield tag="264" ind1=" " ind2="1">
      <subfield code="a">Lutetiae Parisiorum :</subfield>
      <subfield code="b">Ex officina Roberti Stephani typographi regii, regiis typis.,</subfield>
      <subfield code="c">M.D. XLIIII. [1544]</subfield>
    </datafield>
    <datafield tag="300" ind1=" " ind2=" ">
      <subfield code="a">[4], 116, [1], 117-353 [that is, 360), 181, [5] leaves ;</subfield>
      <subfield code="c">32 cm (folio)</subfield>
    </datafield>
    <datafield tag="336" ind1=" " ind2=" ">
      <subfield code="a">text</subfield>
      <subfield code="b">txt</subfield>
      <subfield code="2">rdacontent</subfield>
    </datafield>
    <datafield tag="337" ind1=" " ind2=" ">
      <subfield code="a">unmediated</subfield>
      <subfield code="b">n</subfield>
      <subfield code="2">rdamedia</subfield>
    </datafield>
    <datafield tag="338" ind1=" " ind2=" ">
      <subfield code="a">volume</subfield>
      <subfield code="b">nc</subfield>
      <subfield code="2">rdacarrier</subfield>
    </datafield>
    <datafield tag="340" ind1=" " ind2=" ">
      <subfield code="m">folio</subfield>
      <subfield code="2">rdabf</subfield>
    </datafield>
    <datafield tag="500" ind1=" " ind2=" ">
      <subfield code="a">Printer's device on title page and on last page. On last page with slogan: Noli altum sapere.</subfield>
    </datafield>
    <datafield tag="500" ind1=" " ind2=" ">
      <subfield code="a">Colophon: Excudebat Robertus Stephanus typographus regius Lutetiae Parisiorum anno M.D. XLIIII. pridie cal. Iul.</subfield>
    </datafield>
    <datafield tag="500" ind1=" " ind2=" ">
      <subfield code="a">First part of title transliterated from Greek.</subfield>
    </datafield>
    <datafield tag="500" ind1=" " ind2=" ">
      <subfield code="a">Leaf [4] and the leaf between 116 and 117 blank.</subfield>
    </datafield>
    <datafield tag="500" ind1=" " ind2=" ">
      <subfield code="a">Numerous errors in foliation.</subfield>
    </datafield>
    <datafield tag="500" ind1=" " ind2=" ">
      <subfield code="a">Printed in Claude Garamond's "Grec du roi" type (second size) with decorations and initials designed by Geoffroy Tory.</subfield>
    </datafield>
    <datafield tag="500" ind1=" " ind2=" ">
      <subfield code="a">Printer's device on the title page and final leaf.</subfield>
    </datafield>
    <datafield tag="500" ind1=" " ind2=" ">
      <subfield code="a">Signatures: **⁴ A-X⁸ Y-3E⁶ 3F⁸ 3G⁶, Aa-Zz⁶; Aaa-Hhh⁶; P5 is blank.</subfield>
    </datafield>
    <datafield tag="510" ind1="4" ind2=" ">
      <subfield code="a">Adams, H.M. Catalogue of books printed on the continent of Europe, 1501-1600, in Cambridge libraries,</subfield>
      <subfield code="c">E 1093</subfield>
    </datafield>
    <datafield tag="510" ind1="4" ind2=" ">
      <subfield code="a">Renouard, A.A. Annales de l'imprimerie des Estienne,</subfield>
      <subfield code="c">59, no. 11</subfield>
    </datafield>
    <datafield tag="510" ind1="4" ind2=" ">
      <subfield code="a">Schreiber, F. Estiennes: an annotated catalogue of 300 highlights of their various presses,</subfield>
      <subfield code="c">77</subfield>
    </datafield>
    <datafield tag="650" ind1=" " ind2="0">
      <subfield code="a">Church history</subfield>
      <subfield code="y">Primitive and early church, ca. 30-600</subfield>
      <subfield code="v">Sources.</subfield>
    </datafield>
    <datafield tag="650" ind1=" " ind2="7">
      <subfield code="a">Church history</subfield>
      <subfield code="x">Primitive and early church</subfield>
      <subfield code="2">fast</subfield>
    </datafield>
    <datafield tag="648" ind1=" " ind2="7">
      <subfield code="a">30 - 600</subfield>
      <subfield code="2">fast</subfield>
    </datafield>
    <datafield tag="655" ind1=" " ind2="7">
      <subfield code="a">Sources</subfield>
      <subfield code="2">fast</subfield>
    </datafield>
    <datafield tag="700" ind1="0" ind2="2">
      <subfield code="i">Container of (work):</subfield>
      <subfield code="a">Eusebius,</subfield>
      <subfield code="c">of Caesarea, Bishop of Caesarea,</subfield>
      <subfield code="d">approximately 260-approximately 340.</subfield>
      <subfield code="t">Life of Constantine.</subfield>
    </datafield>
    <datafield tag="700" ind1="0" ind2="2">
      <subfield code="i">Container of (work):</subfield>
      <subfield code="a">Socrates,</subfield>
      <subfield code="c">Scholasticus,</subfield>
      <subfield code="d">approximately 379-approximately 440.</subfield>
      <subfield code="t">Ecclesiastical history.</subfield>
    </datafield>
    <datafield tag="700" ind1="0" ind2="2">
      <subfield code="i">Container of (work):</subfield>
      <subfield code="a">Theodoret,</subfield>
      <subfield code="c">Bishop of Cyrrhus.</subfield>
      <subfield code="t">Historia ecclesiastica.</subfield>
    </datafield>
    <datafield tag="700" ind1="0" ind2=" ">
      <subfield code="i">Container of (work):</subfield>
      <subfield code="a">Theodore,</subfield>
      <subfield code="c">Lector,</subfield>
      <subfield code="d">active 6th century.</subfield>
      <subfield code="t">Historia ecclesiastica.</subfield>
      <subfield code="k">Selections.</subfield>
    </datafield>
    <datafield tag="700" ind1="0" ind2=" ">
      <subfield code="i">Container of (work)</subfield>
      <subfield code="a">Sozomen,</subfield>
      <subfield code="d">approximately 400-approximately 450.</subfield>
      <subfield code="t">Ekklēsiastikē historia.</subfield>
    </datafield>
    <datafield tag="700" ind1="0" ind2=" ">
      <subfield code="i">Container of (work):</subfield>
      <subfield code="a">Evagrius,</subfield>
      <subfield code="c">Scholasticus,</subfield>
      <subfield code="d">536?-</subfield>
      <subfield code="t">Ecclesiastical history.</subfield>
    </datafield>
    <datafield tag="700" ind1="1" ind2=" ">
      <subfield code="a">Estienne, Robert,</subfield>
      <subfield code="d">1503?-1559,</subfield>
      <subfield code="e">printer,</subfield>
      <subfield code="e">author of introduction.</subfield>
      <subfield code="4">prt</subfield>
      <subfield code="4">aui</subfield>
      <subfield code="1">https://id.oclc.org/worldcat/entity/E39PBJcGj7Mq8q36PDGhfmkFKd</subfield>
    </datafield>
    <datafield tag="700" ind1="1" ind2=" ">
      <subfield code="a">Garamond, Claude,</subfield>
      <subfield code="d">-1561,</subfield>
      <subfield code="e">type designer.</subfield>
      <subfield code="4">tyd</subfield>
      <subfield code="1">https://id.oclc.org/worldcat/entity/E39PBJyh97bCt3KMJkBtWMvJXd</subfield>
    </datafield>
    <datafield tag="700" ind1="0" ind2=" ">
      <subfield code="a">Francis</subfield>
      <subfield code="b">I,</subfield>
      <subfield code="c">King of France,</subfield>
      <subfield code="d">1494-1547,</subfield>
      <subfield code="e">censor.</subfield>
      <subfield code="4">cns</subfield>
      <subfield code="1">https://id.oclc.org/worldcat/entity/E39PBJfx7bPHpmpfqhhDhFhT73</subfield>
    </datafield>
    <datafield tag="752" ind1=" " ind2=" ">
      <subfield code="a">France</subfield>
      <subfield code="d">Paris,</subfield>
      <subfield code="e">publication place.</subfield>
      <subfield code="4">pup</subfield>
    </datafield>
    <datafield tag="758" ind1=" " ind2=" ">
      <subfield code="i">has work:</subfield>
      <subfield code="a">Ecclesiatical history (Text)</subfield>
      <subfield code="1">https://id.oclc.org/worldcat/entity/E39PCG7VvdWjPWbpMHGB6CFrpX</subfield>
      <subfield code="4">https://id.oclc.org/worldcat/ontology/hasWork</subfield>
    </datafield>
  </record>